[Event "FRA-chT U20 GpB 1213"]
[Site "France"]
[Date "2013.01.05"]
[Round "6"]
[White "Dedenon, Quentin"]
[Black "Hochepied, Damien"]
[Result "1-0"]
[WhiteElo "1400"]
[BlackElo "1130"]
[PlyCount "49"]
[EventDate "2012.12.01"]
[EventType "team"]
[EventRounds "7"]
[EventCountry "FRA"]
[SourceTitle "EXT 2014"]
[Source "ChessBase"]
[SourceDate "2013.11.20"]
[SourceVersion "1"]
[SourceVersionDate "2013.11.20"]
[SourceQuality "1"]
[WhiteTeam "Tours (U20)"]
[BlackTeam "Saint Mande U20"]
[WhiteTeamCountry "FRA"]
[BlackTeamCountry "FRA"]

1. d4 c6 2. e4 d5 3. Nc3 dxe4 4. Nxe4 Bf5 5. Ng3 Bg6 6. Nf3 Nd7 7. Bd3 Bxd3 8. Qxd3 Ngf6 9. Bf4 e6 10. 0-0 Nb6 11. Rfe1 Bd6 12. Bxd6 Qxd6 13. Nf5 Qf4 14. Nxg7+ Kf8 15. Nxe6+ fxe6 16. Rxe6 Re8 17. Qa3+ Kf7 18. Rxe8 Kxe8 19. Re1+ Kf7 20. Qe7+ Kg6 21. Ne5+ Kh6 22. Nf7+ Kh5 23. Re5+ Kg6 24. Nxh8+ Kh6 25. Qf8# 1-0